El canto del caracol / (Record no. 17578)

MARC details
000 -LEADER
fixed length control field 00811cam a2200265Ia 4500
001 - CONTROL NUMBER
control field 38886992
003 - CONTROL NUMBER IDENTIFIER
control field OCoLC
005 - DATE AND TIME OF LATEST TRANSACTION
control field 20170614152726.0
008 - FIXED-LENGTH DATA ELEMENTS--GENERAL INFORMATION
fixed length control field 980402s1993 nyua j 000 1 spa d
020 ## - INTERNATIONAL STANDARD BOOK NUMBER
International Standard Book Number 0590481274 (pbk.)
020 ## - INTERNATIONAL STANDARD BOOK NUMBER
International Standard Book Number 9780590481274 (pbk.)
040 ## - CATALOGING SOURCE
Original cataloging agency WEA
Transcribing agency WEA
Modifying agency OCL
-- COA
041 1# - LANGUAGE CODE
Language code of text/sound track or separate title spa
Language code of original eng
090 ## - LOCALLY ASSIGNED LC-TYPE CALL NUMBER (OCLC); LOCAL CALL NUMBER (OCLC)
Classification number (OCLC) (R) ; Classification number, CALL (RLIN) (NR) LT4039.R92
Local cutter number (OCLC) ; Book number/undivided call number, CALL (RLIN) S63 1993
100 1# - MAIN ENTRY--PERSONAL NAME
Personal name Ryder, Joanne.
240 10 - UNIFORM TITLE
Uniform title <a href="Snail's spell.">Snail's spell.</a>
Language of a work Spanish.
245 13 - TITLE STATEMENT
Title El canto del caracol /
Statement of responsibility, etc. por Joanne Ryder ; ilustraciones de Lynne Cherry.
260 ## - PUBLICATION, DISTRIBUTION, ETC. (IMPRINT)
Place of publication, distribution, etc. New York :
Name of publisher, distributor, etc. Scholastic,
Date of publication, distribution, etc. c1993.
300 ## - PHYSICAL DESCRIPTION
Extent 31 p. :
Other physical details col. ill. ;
Dimensions 19 x 23 cm.
520 ## - SUMMARY, ETC.
Summary, etc. The reader imagines how it feels to be a snail.
546 ## - LANGUAGE NOTE
Language note Translation of: The snail's spell.
650 #0 - SUBJECT ADDED ENTRY--TOPICAL TERM
Topical term or geographic name as entry element Snails
Form subdivision Juvenile fiction.
700 1# - ADDED ENTRY--PERSONAL NAME
Personal name Cherry, Lynne.
942 ## - ADDED ENTRY ELEMENTS (KOHA)
Koha item type Libro/Book
Holdings
Withdrawn status Lost status Damaged status Not for loan Home library Current library Date acquired Inventory number Total Checkouts Full call number Barcode Date last seen Price effective from Koha item type
        Las Pampas -- Satellite Las Pampas -- Satellite 14/06/2017 inventory date: 17-1-25   JI 35701502 14/06/2017 14/06/2017 Libro/Book

Powered by Koha